Petit Bac #14 - Capitales de l'Union Européenne - Statistiques

Statistiques générales
  • Ce quiz a été pris 2 485 fois
  • Le résultat moyen est 12 sur 14
Statistiques - réponses
1ère Lettre Capitale % Correct
B Berlin / Bratislava / Bruxelles / Bucarest / Budapest
99%
P Paris / Prague
96%
L La Valette / Lisbonne / Ljubljana / Luxembourg
95%
V Varsovie / Vienne / Vilnius
91%
M Madrid
90%
R Riga / Rome
90%
A Amsterdam / Athènes
89%
Z Zagreb
87%
S Sofia / Stockholm
83%
D Dublin
82%
H Helsinki
80%
C Copenhague
78%
T Tallinn
67%
N Nicosie
45%
Aucun quiz correspondant
Distribution des résultats
% des personnes avec chaque résultat
Percentile par nombre de réponses
Votre historique - résultats
Vous n’avez pas pris ce quiz